Statistics for Most Peaceful Countries In The World

Click here to take the quiz!

General Stats

  • This quiz has been taken 43 times
  • The average score is 4 of 8

Answer Stats

Answer% Correct
Canada
90%
Iceland
75%
New Zealand
70%
Denmark
65%
Austria
33%
Portugal
25%
Slovenia
18%
Czechia
10%

Score Distribution

Percentile by Number Answered

Percent of People with Each Score

Your Score History

You have not taken this quiz